|
|
|
|
| LEADER |
00000nas a2200000 a 4500 |
| 001 |
ssj0000493281 |
| 003 |
WaSeSS |
| 005 |
20200512172242.0 |
| 006 |
m d |
| 007 |
cr n |
| 008 |
110607c20079999bu fr s | 0eng c |
| 010 |
|
|
|a 2011260067
|
| 022 |
|
|
|a 1313-9118
|
| 035 |
|
|
|a (WaSeSS)ssj0000493281
|
| 040 |
|
|
|a ORU
|b eng
|c ORU
|d ORU
|d CUS
|d OCLCQ
|d OCLCF
|d OCLCA
|d OCLCQ
|d OCLCO
|d OCLCA
|d WaSeSS
|
| 041 |
0 |
|
|a eng
|a bul
|
| 042 |
|
|
|a pcc
|
| 043 |
|
|
|a e-bu---
|
| 050 |
1 |
4 |
|a LB5
|b B85
|
| 130 |
0 |
|
|a Bulgarian journal of science and education policy (Online)
|
| 245 |
1 |
0 |
|a Bulgarian journal of science and education policy
|h [electronic resource].
|
| 246 |
3 |
0 |
|a BJSEP
|
| 260 |
|
|
|a Sofia, Bulgaria :
|b University of Sofia in collaboration with SCS-Consulting Ltd,
|c 2007-
|
| 310 |
|
|
|a Semiannual
|
| 362 |
1 |
|
|a Began with vol. 1, no. 1 (2007).
|
| 506 |
|
|
|a License restrictions may limit access.
|
| 538 |
|
|
|a Mode of access: World Wide Web.
|
| 546 |
|
|
|a Chiefly in English with some articles in Bulgarian; tables of contents and abstracts in English.
|
| 588 |
|
|
|a Description based on: Vol. 1, no. 1 (2007); title from cover (publisher's Web site, viewed June 7, 2011).
|
| 588 |
|
|
|a Latest issue consulted: V. 5, no. 1 (2011) (publisher's Web site, viewed June 7, 2011).
|
| 650 |
|
0 |
|a Education
|v Periodicals.
|
| 650 |
|
0 |
|a Education
|x Study and teaching
|v Periodicals.
|
| 650 |
|
0 |
|a Science
|x Study and teaching
|v Periodicals.
|
| 650 |
|
0 |
|a Curriculum change
|z Bulgaria
|v Periodicals.
|
| 650 |
|
7 |
|a Curriculum change.
|2 fast
|0 (OCoLC)fst00885362
|
| 650 |
|
7 |
|a Education.
|2 fast
|0 (OCoLC)fst00902499
|
| 650 |
|
7 |
|a Education
|x Study and teaching.
|2 fast
|0 (OCoLC)fst00902796
|
| 650 |
|
7 |
|a Science
|x Study and teaching.
|2 fast
|0 (OCoLC)fst01108387
|
| 651 |
|
7 |
|a Bulgaria.
|2 fast
|0 (OCoLC)fst01212489
|
| 655 |
|
0 |
|a Electronic journals.
|
| 710 |
2 |
|
|a Sofiĭski universitet "Sv. Kliment Okhridski."
|
| 776 |
0 |
8 |
|i Print version:
|t Bulgarian journal of science and education policy
|x 1313-1958
|
| 856 |
4 |
0 |
|z Full text available from Research Library: 01/01/2012 to present
|u https://search.proquest.com/publication/1056402
|